|
|
|
|
| LEADER |
00000cam a2200000 a 4500 |
| 001 |
vtls008323528 |
| 003 |
SK-MaSNL |
| 005 |
20260301020330.0 |
| 008 |
230403s1961 xo odald np 000 0 slo |
| 015 |
|
|
|a SNBA1961/09-01725
|
| 020 |
|
|
|a (viazané)
|
| 035 |
|
|
|a SK01SNK19610015745
|
| 035 |
|
|
|a urn:nbn:sk:snk-am3irfc
|
| 035 |
|
|
|a F5F405B5-2F41-493B-B6C4-EA9C8670E7E3
|
| 035 |
|
|
|a urn:nbn:sk:snk-am00ff0n
|
| 035 |
|
|
|a SKM000018208
|
| 040 |
|
|
|a SNK
|b slo
|c SNK
|e AACR2
|
| 041 |
1 |
|
|a slo
|h cze
|
| 044 |
|
|
|a xo
|c SK
|
| 072 |
|
7 |
|a 621.3
|x Elektrotechnika
|2 konspekt
|
| 072 |
|
7 |
|a 37.016
|x Učebné osnovy. Vyučovacie predmety. Učebnice
|2 konspekt
|
| 080 |
|
|
|a 621.3(075.3)
|2 1981
|
| 080 |
|
|
|a 621.3
|2 2011
|
| 080 |
|
|
|a (075.3)
|2 2011
|
| 100 |
1 |
|
|a Peukert, Otakar
|4 aut
|9 64078
|
| 245 |
1 |
0 |
|a Elektrotechnológia
|n 1
|c Otakar Peukert, Jaroslav Foit ; preložila Margita Lacková
|
| 250 |
|
|
|a 2. vyd.
|
| 260 |
|
|
|a Bratislava
|b Slovenské vydavateľstvo technickej literatúry
|c 1961
|
| 300 |
|
|
|a 198 strán
|b fotografie, grafy, ilustrácie, schémy, tabuľky
|c 21 cm
|
| 366 |
|
|
|e 1200 kusov
|
| 490 |
1 |
|
|a Edícia elektrotechnickej literatúry
|
| 500 |
|
|
|a Preložené z češtiny
|
| 504 |
|
|
|a Bibliografia na strane 198
|
| 650 |
0 |
7 |
|a elektrotechnika
|2 SNKPH
|9 3619
|
| 650 |
0 |
7 |
|a elektrotechnológia
|2 SNKPH
|9 68708
|
| 655 |
|
7 |
|a učebnice stredných škôl
|2 SNKPH
|9 69323
|
| 700 |
1 |
|
|a Foit, Jaroslav
|4 aut
|9 307571
|
| 700 |
1 |
|
|a Lacková, Margita
|4 trl
|9 307572
|
| 830 |
|
0 |
|a Edícia elektrotechnickej literatúry
|9 270875
|
| 852 |
|
|
|a Slovenská národná knižnica
|
| 954 |
|
|
|a odborná, vedecká literatúra cudzojazyčná (svetová)
|2 lita
|
| 958 |
|
|
|a RK
|
| 958 |
|
|
|a TL
|
| 958 |
|
|
|a CZ
|
| 958 |
|
|
|a NB
|
| 958 |
|
|
|a OND
|
| 958 |
|
|
|a OP
|
| 958 |
|
|
|a UC
|
| 958 |
|
|
|a EUIPO
|
| 999 |
|
|
|c 562744
|d 564674
|
| 952 |
|
|
|a SNK
|b SNK
|y PREZ
|7 0
|p 17A0841796
|o snkSC 15660/1
|i snkKSP 4807/61
|0 0
|1 0
|4 0
|d 2020-07-22
|f 1
|l 0
|r 2025-07-18 00:00:00
|w 2026-02-23
|